| 000 | 00664nam a2200217 a 4500 | ||
|---|---|---|---|
| 999 |
_c1430 _d1430 |
||
| 001 | 1430 | ||
| 003 | BD-JhCC | ||
| 005 | 20171019111621.0 | ||
| 008 | 171019s1985 bg p|||| |||| 00| 0 ben d | ||
| 035 | _a(BD-JhCC) 1430 | ||
| 040 |
_aBD-JhCC _dBD-JhCC |
||
| 041 | _aben | ||
| 082 |
_a910.4 _bSHA 1985 |
||
| 100 | _aসাহা, সুরেশচন্দ্র | ||
| 245 |
_aঅস্ট্রেলিয়ার অন্তরে / _cসুরেশচন্দ্র সাহা |
||
| 260 |
_aঢাকা : _bমুক্তধারা, _c1985 |
||
| 300 |
_a165 p. : _bill, _c21 cm |
||
| 650 |
_aTravel _zAustralia |
||
| 942 |
_2ddc _cBK |
||